<?xml version="1.0" encoding="UTF-8"?>
<record
    xmlns:xsi="http://www.w3.org/2001/XMLSchema-instance"
    xsi:schemaLocation="http://www.loc.gov/MARC21/slim http://www.loc.gov/standards/marcxml/schema/MARC21slim.xsd"
    xmlns="http://www.loc.gov/MARC21/slim">

  <leader>01789nam a22003737a 4500</leader>
  <controlfield tag="003">OSt</controlfield>
  <controlfield tag="005">20230302111322.0</controlfield>
  <controlfield tag="008">221006b        |||||||| |||| 00| 0 eng d</controlfield>
  <datafield tag="040" ind1=" " ind2=" ">
    <subfield code="c">Biblioteca Lado V</subfield>
  </datafield>
  <datafield tag="082" ind1=" " ind2=" ">
    <subfield code="a">320</subfield>
    <subfield code="b">M743c</subfield>
  </datafield>
  <datafield tag="100" ind1=" " ind2=" ">
    <subfield code="9">782</subfield>
    <subfield code="a">Monge, Luis Alberto</subfield>
    <subfield code="e">director</subfield>
  </datafield>
  <datafield tag="245" ind1=" " ind2=" ">
    <subfield code="a">Combate/</subfield>
    <subfield code="b">La declaraci&#xF3;n de Centroam&#xE9;rica/</subfield>
  </datafield>
  <datafield tag="260" ind1=" " ind2=" ">
    <subfield code="b">instituto Internacional de Educaci&#xF3;n Pol&#xED;tica</subfield>
    <subfield code="c">1963</subfield>
    <subfield code="a">San Jose, Costa Rica</subfield>
  </datafield>
  <datafield tag="300" ind1=" " ind2=" ">
    <subfield code="c">18x25cm</subfield>
    <subfield code="a">67p.</subfield>
  </datafield>
  <datafield tag="490" ind1=" " ind2=" ">
    <subfield code="a">26</subfield>
    <subfield code="v">IV</subfield>
  </datafield>
  <datafield tag="505" ind1=" " ind2=" ">
    <subfield code="t">Editorial</subfield>
  </datafield>
  <datafield tag="505" ind1=" " ind2=" ">
    <subfield code="t">Declaraci&#xF3;n de Centroam&#xE9;rica </subfield>
  </datafield>
  <datafield tag="505" ind1=" " ind2=" ">
    <subfield code="r">Julio A. Rivera</subfield>
    <subfield code="t">Discurso del se&#xF1;or presidente de El Salvador </subfield>
  </datafield>
  <datafield tag="505" ind1=" " ind2=" ">
    <subfield code="r">Francisco J. Orlich</subfield>
    <subfield code="t">Discurso del se&#xF1;or presidente de Costa Rica</subfield>
  </datafield>
  <datafield tag="505" ind1=" " ind2=" ">
    <subfield code="r">Miguel Ydigoras Fuentes</subfield>
    <subfield code="t">Discurso del se&#xF1;or presidente </subfield>
  </datafield>
  <datafield tag="505" ind1=" " ind2=" ">
    <subfield code="r">Jose Ramon Villeda Morales </subfield>
    <subfield code="t">Discurso del se&#xF1;or presidente de Honduras</subfield>
  </datafield>
  <datafield tag="505" ind1=" " ind2=" ">
    <subfield code="r">Luis A. Somoza</subfield>
    <subfield code="t">Discurso del se&#xF1;or presidente Nicaragua</subfield>
  </datafield>
  <datafield tag="505" ind1=" " ind2=" ">
    <subfield code="r">Roberto F. Chiari</subfield>
    <subfield code="t">Discurso del se&#xF1;or presidente Panama</subfield>
  </datafield>
  <datafield tag="505" ind1=" " ind2=" ">
    <subfield code="r">John F. Kennedy</subfield>
    <subfield code="t">Discurso del se&#xF1;or presidente de Estados Unidos</subfield>
  </datafield>
  <datafield tag="505" ind1=" " ind2=" ">
    <subfield code="r">John F. Kennedy</subfield>
    <subfield code="t">Discurso del se&#xF1;or presidente de Estados Unidos en "El Bosque"</subfield>
  </datafield>
  <datafield tag="505" ind1=" " ind2=" ">
    <subfield code="r">John F. Kennedy</subfield>
    <subfield code="t">Discurso del se&#xF1;or presidente de Estados Unidos en la Universidad de Costa Rica</subfield>
  </datafield>
  <datafield tag="505" ind1=" " ind2=" ">
    <subfield code="r">Jose Figueres</subfield>
    <subfield code="t">La Visita del presidente Kennedy al Istmo Centroamericano</subfield>
  </datafield>
  <datafield tag="505" ind1=" " ind2=" ">
    <subfield code="r">Luis Alberto Monge</subfield>
    <subfield code="t">La Integraci&#xF3;n Econ&#xF3;mica y Pol&#xED;tica de Centroam&#xE9;rica </subfield>
  </datafield>
  <datafield tag="505" ind1=" " ind2=" ">
    <subfield code="t">Libros</subfield>
  </datafield>
  <datafield tag="650" ind1=" " ind2=" ">
    <subfield code="2">Tesauro de Arte &amp; Arquitectura</subfield>
    <subfield code="a">CIENCIAS POLITICAS</subfield>
    <subfield code="9">703</subfield>
  </datafield>
  <datafield tag="650" ind1=" " ind2=" ">
    <subfield code="2">Tesauro de Arte &amp; Arquitectura</subfield>
    <subfield code="a">POLITICA CENTROAMERICANA</subfield>
  </datafield>
  <datafield tag="650" ind1=" " ind2=" ">
    <subfield code="2">Tesauro de Arte &amp; Arquitectura</subfield>
    <subfield code="a">PUBLICACION SERIADA</subfield>
  </datafield>
  <datafield tag="942" ind1=" " ind2=" ">
    <subfield code="2">ddc</subfield>
    <subfield code="c">1</subfield>
    <subfield code="h">320</subfield>
    <subfield code="i">M743c</subfield>
    <subfield code="n">0</subfield>
  </datafield>
  <datafield tag="999" ind1=" " ind2=" ">
    <subfield code="c">3123</subfield>
    <subfield code="d">3123</subfield>
  </datafield>
  <datafield tag="952" ind1=" " ind2=" ">
    <subfield code="0">0</subfield>
    <subfield code="1">0</subfield>
    <subfield code="2">ddc</subfield>
    <subfield code="3">IV</subfield>
    <subfield code="4">0</subfield>
    <subfield code="7">0</subfield>
    <subfield code="8">En coleccion</subfield>
    <subfield code="a">LV</subfield>
    <subfield code="b">LV</subfield>
    <subfield code="d">2023-03-02</subfield>
    <subfield code="h">26</subfield>
    <subfield code="i">003356</subfield>
    <subfield code="l">0</subfield>
    <subfield code="o">320 M743c</subfield>
    <subfield code="p">003356</subfield>
    <subfield code="r">2023-03-02 00:00:00</subfield>
    <subfield code="w">2023-03-02</subfield>
    <subfield code="y">1</subfield>
  </datafield>
  <datafield tag="952" ind1=" " ind2=" ">
    <subfield code="0">0</subfield>
    <subfield code="1">0</subfield>
    <subfield code="2">ddc</subfield>
    <subfield code="3">IV</subfield>
    <subfield code="4">0</subfield>
    <subfield code="7">0</subfield>
    <subfield code="8">En coleccion</subfield>
    <subfield code="a">LV</subfield>
    <subfield code="b">LV</subfield>
    <subfield code="d">2023-03-02</subfield>
    <subfield code="h">25</subfield>
    <subfield code="i">003357</subfield>
    <subfield code="l">0</subfield>
    <subfield code="o">320 M743c</subfield>
    <subfield code="p">003357</subfield>
    <subfield code="r">2023-03-02 00:00:00</subfield>
    <subfield code="w">2023-03-02</subfield>
    <subfield code="y">1</subfield>
  </datafield>
  <datafield tag="952" ind1=" " ind2=" ">
    <subfield code="0">0</subfield>
    <subfield code="1">0</subfield>
    <subfield code="2">ddc</subfield>
    <subfield code="3">IV</subfield>
    <subfield code="4">0</subfield>
    <subfield code="7">0</subfield>
    <subfield code="8">En coleccion</subfield>
    <subfield code="a">LV</subfield>
    <subfield code="b">LV</subfield>
    <subfield code="d">2023-03-02</subfield>
    <subfield code="h">24</subfield>
    <subfield code="i">003355</subfield>
    <subfield code="l">0</subfield>
    <subfield code="o">320 M743c</subfield>
    <subfield code="p">003355</subfield>
    <subfield code="r">2023-03-02 00:00:00</subfield>
    <subfield code="w">2023-03-02</subfield>
    <subfield code="y">1</subfield>
  </datafield>
  <datafield tag="952" ind1=" " ind2=" ">
    <subfield code="0">0</subfield>
    <subfield code="1">0</subfield>
    <subfield code="2">ddc</subfield>
    <subfield code="3">IV</subfield>
    <subfield code="4">0</subfield>
    <subfield code="7">0</subfield>
    <subfield code="8">En coleccion</subfield>
    <subfield code="a">LV</subfield>
    <subfield code="b">LV</subfield>
    <subfield code="d">2023-03-02</subfield>
    <subfield code="h">23</subfield>
    <subfield code="i">003354</subfield>
    <subfield code="l">0</subfield>
    <subfield code="o">320 M743c</subfield>
    <subfield code="p">003354</subfield>
    <subfield code="r">2023-03-02 00:00:00</subfield>
    <subfield code="w">2023-03-02</subfield>
    <subfield code="y">1</subfield>
  </datafield>
  <datafield tag="952" ind1=" " ind2=" ">
    <subfield code="0">0</subfield>
    <subfield code="1">0</subfield>
    <subfield code="2">ddc</subfield>
    <subfield code="3">IV</subfield>
    <subfield code="4">0</subfield>
    <subfield code="7">0</subfield>
    <subfield code="8">En coleccion</subfield>
    <subfield code="a">LV</subfield>
    <subfield code="b">LV</subfield>
    <subfield code="d">2023-03-02</subfield>
    <subfield code="h">22</subfield>
    <subfield code="i">003353</subfield>
    <subfield code="l">0</subfield>
    <subfield code="o">320 M743c</subfield>
    <subfield code="p">003353</subfield>
    <subfield code="r">2023-03-02 00:00:00</subfield>
    <subfield code="w">2023-03-02</subfield>
    <subfield code="y">1</subfield>
  </datafield>
  <datafield tag="952" ind1=" " ind2=" ">
    <subfield code="0">0</subfield>
    <subfield code="1">0</subfield>
    <subfield code="2">ddc</subfield>
    <subfield code="3">IV</subfield>
    <subfield code="4">0</subfield>
    <subfield code="7">0</subfield>
    <subfield code="8">En coleccion</subfield>
    <subfield code="a">LV</subfield>
    <subfield code="b">LV</subfield>
    <subfield code="d">2023-03-02</subfield>
    <subfield code="h">21</subfield>
    <subfield code="i">003352</subfield>
    <subfield code="l">0</subfield>
    <subfield code="o">320 M743c</subfield>
    <subfield code="p">003352</subfield>
    <subfield code="r">2023-03-02 00:00:00</subfield>
    <subfield code="w">2023-03-02</subfield>
    <subfield code="y">1</subfield>
  </datafield>
  <datafield tag="952" ind1=" " ind2=" ">
    <subfield code="0">0</subfield>
    <subfield code="1">0</subfield>
    <subfield code="2">ddc</subfield>
    <subfield code="3">IV</subfield>
    <subfield code="4">0</subfield>
    <subfield code="7">0</subfield>
    <subfield code="8">En coleccion</subfield>
    <subfield code="a">LV</subfield>
    <subfield code="b">LV</subfield>
    <subfield code="d">2023-03-02</subfield>
    <subfield code="h">20</subfield>
    <subfield code="i">003350</subfield>
    <subfield code="l">0</subfield>
    <subfield code="o">320 M743c</subfield>
    <subfield code="p">003350</subfield>
    <subfield code="r">2023-03-02 00:00:00</subfield>
    <subfield code="w">2023-03-02</subfield>
    <subfield code="y">1</subfield>
  </datafield>
  <datafield tag="952" ind1=" " ind2=" ">
    <subfield code="0">0</subfield>
    <subfield code="1">0</subfield>
    <subfield code="2">ddc</subfield>
    <subfield code="3">IV</subfield>
    <subfield code="4">0</subfield>
    <subfield code="7">0</subfield>
    <subfield code="8">En coleccion</subfield>
    <subfield code="a">LV</subfield>
    <subfield code="b">LV</subfield>
    <subfield code="d">2023-03-02</subfield>
    <subfield code="h">19</subfield>
    <subfield code="i">003349</subfield>
    <subfield code="l">0</subfield>
    <subfield code="o">320 M743c</subfield>
    <subfield code="p">003349</subfield>
    <subfield code="r">2023-03-02 00:00:00</subfield>
    <subfield code="w">2023-03-02</subfield>
    <subfield code="y">1</subfield>
  </datafield>
  <datafield tag="952" ind1=" " ind2=" ">
    <subfield code="0">0</subfield>
    <subfield code="1">0</subfield>
    <subfield code="2">ddc</subfield>
    <subfield code="3">IV</subfield>
    <subfield code="4">0</subfield>
    <subfield code="7">0</subfield>
    <subfield code="8">En coleccion</subfield>
    <subfield code="a">LV</subfield>
    <subfield code="b">LV</subfield>
    <subfield code="d">2023-03-02</subfield>
    <subfield code="h">17</subfield>
    <subfield code="i">003347</subfield>
    <subfield code="l">0</subfield>
    <subfield code="o">320 M743c</subfield>
    <subfield code="p">003347</subfield>
    <subfield code="r">2023-03-02 00:00:00</subfield>
    <subfield code="w">2023-03-02</subfield>
    <subfield code="y">1</subfield>
  </datafield>
  <datafield tag="952" ind1=" " ind2=" ">
    <subfield code="0">0</subfield>
    <subfield code="1">0</subfield>
    <subfield code="2">ddc</subfield>
    <subfield code="3">III</subfield>
    <subfield code="4">0</subfield>
    <subfield code="7">0</subfield>
    <subfield code="8">En coleccion</subfield>
    <subfield code="a">LV</subfield>
    <subfield code="b">LV</subfield>
    <subfield code="d">2023-03-02</subfield>
    <subfield code="h">16</subfield>
    <subfield code="i">003346</subfield>
    <subfield code="l">0</subfield>
    <subfield code="o">320 M743c</subfield>
    <subfield code="p">003346</subfield>
    <subfield code="r">2023-03-02 00:00:00</subfield>
    <subfield code="w">2023-03-02</subfield>
    <subfield code="y">1</subfield>
  </datafield>
  <datafield tag="952" ind1=" " ind2=" ">
    <subfield code="0">0</subfield>
    <subfield code="1">0</subfield>
    <subfield code="2">ddc</subfield>
    <subfield code="3">III</subfield>
    <subfield code="4">0</subfield>
    <subfield code="7">0</subfield>
    <subfield code="8">En coleccion</subfield>
    <subfield code="a">LV</subfield>
    <subfield code="b">LV</subfield>
    <subfield code="d">2023-03-02</subfield>
    <subfield code="h">15</subfield>
    <subfield code="i">003345</subfield>
    <subfield code="l">0</subfield>
    <subfield code="o">320 M743c</subfield>
    <subfield code="p">003345</subfield>
    <subfield code="r">2023-03-02 00:00:00</subfield>
    <subfield code="w">2023-03-02</subfield>
    <subfield code="y">1</subfield>
  </datafield>
  <datafield tag="952" ind1=" " ind2=" ">
    <subfield code="0">0</subfield>
    <subfield code="1">0</subfield>
    <subfield code="2">ddc</subfield>
    <subfield code="3">III</subfield>
    <subfield code="4">0</subfield>
    <subfield code="7">0</subfield>
    <subfield code="8">En coleccion</subfield>
    <subfield code="a">LV</subfield>
    <subfield code="b">LV</subfield>
    <subfield code="d">2023-03-02</subfield>
    <subfield code="h">14</subfield>
    <subfield code="i">003344</subfield>
    <subfield code="l">0</subfield>
    <subfield code="o">320 M743c</subfield>
    <subfield code="p">003344</subfield>
    <subfield code="r">2023-03-02 00:00:00</subfield>
    <subfield code="w">2023-03-02</subfield>
    <subfield code="y">1</subfield>
  </datafield>
  <datafield tag="952" ind1=" " ind2=" ">
    <subfield code="0">0</subfield>
    <subfield code="1">0</subfield>
    <subfield code="2">ddc</subfield>
    <subfield code="4">0</subfield>
    <subfield code="7">0</subfield>
    <subfield code="8">En coleccion</subfield>
    <subfield code="a">LV</subfield>
    <subfield code="b">LV</subfield>
    <subfield code="d">2023-03-02</subfield>
    <subfield code="h">13</subfield>
    <subfield code="i">003343</subfield>
    <subfield code="l">0</subfield>
    <subfield code="o">320 M743c</subfield>
    <subfield code="p">003343</subfield>
    <subfield code="r">2023-03-02 00:00:00</subfield>
    <subfield code="w">2023-03-02</subfield>
    <subfield code="y">1</subfield>
  </datafield>
  <datafield tag="952" ind1=" " ind2=" ">
    <subfield code="0">0</subfield>
    <subfield code="1">0</subfield>
    <subfield code="2">ddc</subfield>
    <subfield code="3">II</subfield>
    <subfield code="4">0</subfield>
    <subfield code="7">0</subfield>
    <subfield code="8">En coleccion</subfield>
    <subfield code="a">LV</subfield>
    <subfield code="b">LV</subfield>
    <subfield code="d">2023-03-02</subfield>
    <subfield code="h">12</subfield>
    <subfield code="i">003342</subfield>
    <subfield code="l">0</subfield>
    <subfield code="o">320 M743c</subfield>
    <subfield code="p">003342</subfield>
    <subfield code="r">2023-03-02 00:00:00</subfield>
    <subfield code="w">2023-03-02</subfield>
    <subfield code="y">1</subfield>
  </datafield>
  <datafield tag="952" ind1=" " ind2=" ">
    <subfield code="0">0</subfield>
    <subfield code="1">0</subfield>
    <subfield code="2">ddc</subfield>
    <subfield code="3">II</subfield>
    <subfield code="4">0</subfield>
    <subfield code="7">0</subfield>
    <subfield code="8">En coleccion</subfield>
    <subfield code="a">LV</subfield>
    <subfield code="b">LV</subfield>
    <subfield code="d">2023-03-08</subfield>
    <subfield code="h">11</subfield>
    <subfield code="i">003341</subfield>
    <subfield code="l">0</subfield>
    <subfield code="o">320 M743c</subfield>
    <subfield code="p">003341</subfield>
    <subfield code="r">2023-03-08 00:00:00</subfield>
    <subfield code="w">2023-03-08</subfield>
    <subfield code="y">1</subfield>
  </datafield>
  <datafield tag="952" ind1=" " ind2=" ">
    <subfield code="0">0</subfield>
    <subfield code="1">0</subfield>
    <subfield code="2">ddc</subfield>
    <subfield code="3">II</subfield>
    <subfield code="4">0</subfield>
    <subfield code="7">0</subfield>
    <subfield code="8">En coleccion</subfield>
    <subfield code="a">LV</subfield>
    <subfield code="b">LV</subfield>
    <subfield code="d">2023-03-08</subfield>
    <subfield code="h">10</subfield>
    <subfield code="i">003340</subfield>
    <subfield code="l">0</subfield>
    <subfield code="o">320 M743c</subfield>
    <subfield code="p">003340</subfield>
    <subfield code="r">2023-03-08 00:00:00</subfield>
    <subfield code="w">2023-03-08</subfield>
    <subfield code="y">1</subfield>
  </datafield>
  <datafield tag="952" ind1=" " ind2=" ">
    <subfield code="0">0</subfield>
    <subfield code="1">0</subfield>
    <subfield code="2">ddc</subfield>
    <subfield code="3">II</subfield>
    <subfield code="4">0</subfield>
    <subfield code="7">0</subfield>
    <subfield code="8">En coleccion</subfield>
    <subfield code="a">LV</subfield>
    <subfield code="b">LV</subfield>
    <subfield code="d">2023-03-08</subfield>
    <subfield code="h">7</subfield>
    <subfield code="i">003339</subfield>
    <subfield code="l">0</subfield>
    <subfield code="o">320 M743c</subfield>
    <subfield code="p">003339</subfield>
    <subfield code="r">2023-03-08 00:00:00</subfield>
    <subfield code="w">2023-03-08</subfield>
    <subfield code="y">1</subfield>
  </datafield>
  <datafield tag="952" ind1=" " ind2=" ">
    <subfield code="0">0</subfield>
    <subfield code="1">0</subfield>
    <subfield code="2">ddc</subfield>
    <subfield code="3">I</subfield>
    <subfield code="4">0</subfield>
    <subfield code="7">0</subfield>
    <subfield code="8">En coleccion</subfield>
    <subfield code="a">LV</subfield>
    <subfield code="b">LV</subfield>
    <subfield code="d">2023-03-08</subfield>
    <subfield code="h">5</subfield>
    <subfield code="i">003338</subfield>
    <subfield code="l">0</subfield>
    <subfield code="o">320 M743c</subfield>
    <subfield code="p">003338</subfield>
    <subfield code="r">2023-03-08 00:00:00</subfield>
    <subfield code="w">2023-03-08</subfield>
    <subfield code="y">1</subfield>
  </datafield>
  <datafield tag="952" ind1=" " ind2=" ">
    <subfield code="0">0</subfield>
    <subfield code="1">0</subfield>
    <subfield code="2">ddc</subfield>
    <subfield code="3">I</subfield>
    <subfield code="4">0</subfield>
    <subfield code="7">0</subfield>
    <subfield code="8">En coleccion</subfield>
    <subfield code="a">LV</subfield>
    <subfield code="b">LV</subfield>
    <subfield code="d">2023-03-08</subfield>
    <subfield code="h">5</subfield>
    <subfield code="i">003351</subfield>
    <subfield code="l">0</subfield>
    <subfield code="o">320 M743c</subfield>
    <subfield code="p">003351</subfield>
    <subfield code="r">2023-03-08 00:00:00</subfield>
    <subfield code="w">2023-03-08</subfield>
    <subfield code="y">1</subfield>
  </datafield>
  <datafield tag="952" ind1=" " ind2=" ">
    <subfield code="0">0</subfield>
    <subfield code="1">0</subfield>
    <subfield code="2">ddc</subfield>
    <subfield code="3">III</subfield>
    <subfield code="4">0</subfield>
    <subfield code="7">0</subfield>
    <subfield code="8">En coleccion</subfield>
    <subfield code="a">LV</subfield>
    <subfield code="b">LV</subfield>
    <subfield code="d">2023-10-05</subfield>
    <subfield code="h">18</subfield>
    <subfield code="i">003348</subfield>
    <subfield code="l">0</subfield>
    <subfield code="o">320 M743c</subfield>
    <subfield code="p">003348</subfield>
    <subfield code="r">2023-10-05 00:00:00</subfield>
    <subfield code="w">2023-10-05</subfield>
    <subfield code="y">1</subfield>
  </datafield>
</record>
